Modelovanie deliteľnej a nedeliteľnej práce - RBC prístup

Dva prístupy k modelovaniu celkovo odpracovaných hodín v RBC modeloch. Model s nedeliteľnou prácou v porovnaní s modelom s deliteľnou prácou. Obchodné cykly a ich charakteristiky porovnávané s obchodnými cyklami z pozorovaných dát.

Uložené v:
Podrobná bibliografia
Hlavný autor: Kupkovič, Patrik
Ďalší autori: Benkovič, Martin
Médium: Kapitola
Jazyk:Slovak
Predmet:
Tagy: Pridať tag
Žiadne tagy, Buďte prvý, kto otaguje tento záznam!

MARC

LEADER 00000nla a2200000 4500
001 0180519
005 20240502073058.4
041 0 |a slo 
044 |a SK 
245 1 0 |a Modelovanie deliteľnej a nedeliteľnej práce - RBC prístup  |c Patrik Kupkovič, Martin Benkovič 
520 |a Dva prístupy k modelovaniu celkovo odpracovaných hodín v RBC modeloch. Model s nedeliteľnou prácou v porovnaní s modelom s deliteľnou prácou. Obchodné cykly a ich charakteristiky porovnávané s obchodnými cyklami z pozorovaných dát. 
610 2 0 |a práca produktívna 
610 2 0 |a práca neproduktívna 
610 2 0 |a potenciál ľudský 
610 2 0 |a modely ekonomicko-matematické 
610 2 0 |a vzorce 
610 2 0 |a simulácia 
100 1 |a Kupkovič, Patrik 
700 1 |a Benkovič, Martin